| 000 -LEADER |
| fixed length control field |
01365cam a22003257a 4500 |
| 020 ## - INTERNATIONAL STANDARD BOOK NUMBER |
| ISBN |
9780970991508 |
| 020 ## - INTERNATIONAL STANDARD BOOK NUMBER |
| ISBN |
0970991509 |
| 040 ## - CATALOGING SOURCE |
| Transcribing agency |
GDC |
| 082 00 - DEWEY DECIMAL CLASSIFICATION NUMBER |
| Classification number |
613 FUN 2012 A056 Or. |
| 245 00 - TITLE STATEMENT |
| Title |
Bioaerosols, fungi and mycotoxins : |
| Remainder of title |
in indoor and outdoor environments and human health / |
| 260 ## - PUBLICATION, DISTRIBUTION, ETC. (IMPRINT) |
| Place of publication |
Albany, N.Y. : |
| Name of publisher |
Fungal Research Group, |
| Year of publication |
c2012. |
| 300 ## - PHYSICAL DESCRIPTION |
| Number of Pages |
391 p. : |
| Other physical details |
ill. ; |
| Dimensions |
23 cm. |
| 500 ## - GENERAL NOTE |
| General note |
"These are the proceedings of the 6th International Scientific Conference on Bioaerosols, Fungi, Bacteria, Mycotoxins in Indoor and Outdoor Environments and Human Health, September 6-9, 2011, Saratoga Springs, New York ..."--T.p. |
| 500 ## - GENERAL NOTE |
| General note |
This conference was organized by the Fungal Research Group Foundation in coorperation with the U.S. Environmental Protection Agency and jointly sponsored with the Mount Sinai School of Medicine...--p. 2. |
| 650 #0 - SUBJECT ADDED ENTRY--TOPICAL TERM |
| Topical Term |
Mycoses. |
| 650 #0 - SUBJECT ADDED ENTRY--TOPICAL TERM |
| Topical Term |
Indoor air pollution |
| 650 12 - SUBJECT ADDED ENTRY--TOPICAL TERM |
| Topical Term |
Air Microbiology |
| 650 12 - SUBJECT ADDED ENTRY--TOPICAL TERM |
| Topical Term |
Fungi |
| 650 12 - SUBJECT ADDED ENTRY--TOPICAL TERM |
| Topical Term |
Mycotoxins |
| 650 22 - SUBJECT ADDED ENTRY--TOPICAL TERM |
| Topical Term |
Air Pollutants, Environmental |
| 650 22 - SUBJECT ADDED ENTRY--TOPICAL TERM |
| Topical Term |
Air Pollution, Indoor |
| 650 22 - SUBJECT ADDED ENTRY--TOPICAL TERM |
| Topical Term |
Environmental Health |
| 650 22 - SUBJECT ADDED ENTRY--TOPICAL TERM |
| Topical Term |
Occupational Health |
| 700 1# - ADDED ENTRY--PERSONAL NAME |
| Personal name |
Johanning, Eckardt. |
| 700 1# - ADDED ENTRY--PERSONAL NAME |
| Personal name |
Morey, Philip R. |
| 700 1# - ADDED ENTRY--PERSONAL NAME |
| Personal name |
Auger, Pierre. |
| 710 2# - ADDED ENTRY--CORPORATE NAME |
| Corporate name or jurisdiction name as entry element |
Fungal Research Group Foundation. |
| 710 2# - ADDED ENTRY--CORPORATE NAME |
| Corporate name or jurisdiction name as entry element |
Mount Sinai School of Medicine. |
| 942 ## - ADDED ENTRY ELEMENTS (KOHA) |
| Koha item type |
សៀវភៅភាសាអង់គ្លេស |
| 952 ## - LOCATION AND ITEM INFORMATION (KOHA) |
| Withdrawn status [LOCAL, KOHA] |
0 |